<?xml version="1.0" encoding="UTF-8"?><record xmlns="http://www.loc.gov/MARC21/slim" xmlns:zs="http://docs.oasis-open.org/ns/search-ws/sruResponse">
  <leader>03507cas a2200685 a 4500</leader>
  <controlfield tag="001">15064508</controlfield>
  <controlfield tag="005">20251107151414.7</controlfield>
  <controlfield tag="008">850501d18701909utudr ne      0   a0eng c</controlfield>
  <datafield ind1=" " ind2=" " tag="010">
    <subfield code="a">sn 85058130 </subfield>
  </datafield>
  <datafield ind1=" " ind2=" " tag="019">
    <subfield code="a">9574187</subfield>
    <subfield code="a">12009197</subfield>
    <subfield code="a">994519292</subfield>
  </datafield>
  <datafield ind1="1" ind2=" " tag="022">
    <subfield code="a">1941-3033</subfield>
    <subfield code="2">1</subfield>
  </datafield>
  <datafield ind1="0" ind2=" " tag="023">
    <subfield code="a">1941-3033</subfield>
    <subfield code="2">1</subfield>
  </datafield>
  <datafield ind1="1" ind2=" " tag="029">
    <subfield code="a">AU@</subfield>
    <subfield code="b">000020338288</subfield>
  </datafield>
  <datafield ind1="1" ind2=" " tag="029">
    <subfield code="a">NZ1</subfield>
    <subfield code="b">16070517</subfield>
  </datafield>
  <datafield ind1=" " ind2=" " tag="035">
    <subfield code="a">(OCoLC)11987624</subfield>
  </datafield>
  <datafield ind1=" " ind2=" " tag="040">
    <subfield code="a">UNP</subfield>
    <subfield code="b">eng</subfield>
    <subfield code="c">UNP</subfield>
    <subfield code="d">OCL</subfield>
    <subfield code="d">UNP</subfield>
    <subfield code="d">YOX</subfield>
    <subfield code="d">DLC</subfield>
    <subfield code="d">MFN</subfield>
    <subfield code="d">CNW</subfield>
    <subfield code="d">OCLCQ</subfield>
    <subfield code="d">DLC</subfield>
    <subfield code="d">UPM</subfield>
    <subfield code="d">DLC</subfield>
    <subfield code="d">KRTAS</subfield>
    <subfield code="d">OCLCQ</subfield>
    <subfield code="d">CUI</subfield>
    <subfield code="d">OCLCF</subfield>
    <subfield code="d">OCLCQ</subfield>
    <subfield code="d">DLC</subfield>
    <subfield code="d">UBY</subfield>
    <subfield code="d">OCLCO</subfield>
    <subfield code="d">AQM</subfield>
    <subfield code="d">OCLCL</subfield>
    <subfield code="d">OCLCQ</subfield>
  </datafield>
  <datafield ind1=" " ind2=" " tag="042">
    <subfield code="a">pcc</subfield>
    <subfield code="a">nsdp</subfield>
  </datafield>
  <datafield ind1=" " ind2=" " tag="043">
    <subfield code="a">n-us-ut</subfield>
  </datafield>
  <datafield ind1="0" ind2="0" tag="050">
    <subfield code="a">Newspaper</subfield>
  </datafield>
  <datafield ind1=" " ind2="4" tag="050">
    <subfield code="a">AN2.U8</subfield>
    <subfield code="b">S3578</subfield>
  </datafield>
  <datafield ind1=" " ind2="4" tag="050">
    <subfield code="a">AN</subfield>
  </datafield>
  <datafield ind1="0" ind2=" " tag="130">
    <subfield code="a">Salt Lake herald (Salt Lake City, Utah : 1870)</subfield>
  </datafield>
  <datafield ind1=" " ind2="4" tag="222">
    <subfield code="a">The Salt Lake herald</subfield>
    <subfield code="b">(Salt Lake City, Utah. 1870)</subfield>
  </datafield>
  <datafield ind1="1" ind2="4" tag="245">
    <subfield code="a">The Salt Lake herald.</subfield>
  </datafield>
  <datafield ind1="3" ind2="0" tag="246">
    <subfield code="a">Salt Lake daily herald</subfield>
  </datafield>
  <datafield ind1="3" ind2="0" tag="246">
    <subfield code="a">Sunday herald</subfield>
  </datafield>
  <datafield ind1=" " ind2=" " tag="260">
    <subfield code="a">Salt Lake City [Utah] :</subfield>
    <subfield code="b">[W.C. Dunbar &amp; E.L. Sloan]</subfield>
  </datafield>
  <datafield ind1=" " ind2=" " tag="300">
    <subfield code="a">volumes ;</subfield>
    <subfield code="c">66 cm</subfield>
  </datafield>
  <datafield ind1=" " ind2=" " tag="310">
    <subfield code="a">Daily,</subfield>
    <subfield code="b">Oct. 23, 1893-1909</subfield>
  </datafield>
  <datafield ind1=" " ind2=" " tag="321">
    <subfield code="a">Daily (except Mon.),</subfield>
    <subfield code="b">June 5, 1870-Oct. 22, 1893</subfield>
  </datafield>
  <datafield ind1=" " ind2=" " tag="336">
    <subfield code="a">text</subfield>
    <subfield code="b">txt</subfield>
    <subfield code="2">rdacontent</subfield>
  </datafield>
  <datafield ind1=" " ind2=" " tag="337">
    <subfield code="a">unmediated</subfield>
    <subfield code="b">n</subfield>
    <subfield code="2">rdamedia</subfield>
  </datafield>
  <datafield ind1=" " ind2=" " tag="338">
    <subfield code="a">volume</subfield>
    <subfield code="b">nc</subfield>
    <subfield code="2">rdacarrier</subfield>
  </datafield>
  <datafield ind1="0" ind2=" " tag="362">
    <subfield code="a">Vol. 1, no. 1 (June 5, 1870)-[v. 156, no. 69] (Aug. 13, 1909).</subfield>
  </datafield>
  <datafield ind1=" " ind2=" " tag="500">
    <subfield code="a">Published as: Salt Lake daily herald, Aug. 13, 1870-Mar. 2, 1889.</subfield>
  </datafield>
  <datafield ind1=" " ind2=" " tag="500">
    <subfield code="a">Published on Sunday as: Sunday herald, Mar. 3, 1889-Apr. 21, 1895.</subfield>
  </datafield>
  <datafield ind1=" " ind2=" " tag="530">
    <subfield code="a">Archived issues are available in digital format as part of the Library of Congress Chronicling America online collection.</subfield>
  </datafield>
  <datafield ind1=" " ind2=" " tag="580">
    <subfield code="a">Semiweekly eds.: Salt Lake semi-weekly herald, 1870-1889; Semi-weekly herald (Salt Lake City, Utah), 1889-1895; and Salt Lake herald (Salt Lake City, Utah : Semiweekly), 1895-1909.</subfield>
  </datafield>
  <datafield ind1=" " ind2=" " tag="580">
    <subfield code="a">Weekly eds.: Salt Lake weekly herald, 1880-188u; Salt Lake herald (Salt Lake City, Utah : Weekly), 1895-1896.</subfield>
  </datafield>
  <datafield ind1=" " ind2="0" tag="651">
    <subfield code="a">Salt Lake City (Utah)</subfield>
    <subfield code="v">Newspapers.</subfield>
  </datafield>
  <datafield ind1=" " ind2="0" tag="651">
    <subfield code="a">Salt Lake County (Utah)</subfield>
    <subfield code="v">Newspapers.</subfield>
  </datafield>
  <datafield ind1=" " ind2="7" tag="651">
    <subfield code="a">Utah</subfield>
    <subfield code="z">Salt Lake City.</subfield>
    <subfield code="2">fast</subfield>
    <subfield code="0">(OCoLC)fst01205314</subfield>
    <subfield code="1">https://id.oclc.org/worldcat/entity/E39PBJxrXKyyVxhtdWq4Cjyw4q</subfield>
  </datafield>
  <datafield ind1=" " ind2="7" tag="651">
    <subfield code="a">Utah</subfield>
    <subfield code="z">Salt Lake County.</subfield>
    <subfield code="2">fast</subfield>
    <subfield code="0">(OCoLC)fst01207106</subfield>
    <subfield code="1">https://id.oclc.org/worldcat/entity/E39QbtfRvY8c9vvjJBbr3fdC3p</subfield>
  </datafield>
  <datafield ind1=" " ind2="7" tag="655">
    <subfield code="a">Newspapers.</subfield>
    <subfield code="2">fast</subfield>
    <subfield code="0">(OCoLC)fst01423814</subfield>
  </datafield>
  <datafield ind1=" " ind2="7" tag="655">
    <subfield code="a">Newspapers.</subfield>
    <subfield code="2">lcgft</subfield>
  </datafield>
  <datafield ind1=" " ind2="7" tag="655">
    <subfield code="a">Newspapers.</subfield>
    <subfield code="2">rbgenr</subfield>
  </datafield>
  <datafield ind1=" " ind2=" " tag="752">
    <subfield code="a">United States</subfield>
    <subfield code="b">Utah</subfield>
    <subfield code="c">Salt Lake</subfield>
    <subfield code="d">Salt Lake City.</subfield>
  </datafield>
  <datafield ind1="1" ind2=" " tag="775">
    <subfield code="t">Salt Lake semi-weekly herald</subfield>
    <subfield code="w">(DLC)sn 83021446</subfield>
    <subfield code="w">(OCoLC)10168859</subfield>
  </datafield>
  <datafield ind1="1" ind2=" " tag="775">
    <subfield code="t">Semi-weekly herald (Salt Lake City, Utah)</subfield>
    <subfield code="w">(DLC)sn 86091391</subfield>
    <subfield code="w">(OCoLC)13801495</subfield>
  </datafield>
  <datafield ind1="1" ind2=" " tag="775">
    <subfield code="t">Salt Lake herald (Salt Lake City, Utah : Semiweekly)</subfield>
    <subfield code="w">(DLC)sn 86091392</subfield>
    <subfield code="w">(OCoLC)13801580</subfield>
  </datafield>
  <datafield ind1="1" ind2=" " tag="775">
    <subfield code="t">Salt Lake weekly herald</subfield>
    <subfield code="x">2641-1202</subfield>
    <subfield code="w">(DLC)sn 84024458</subfield>
    <subfield code="w">(OCoLC)11024322</subfield>
  </datafield>
  <datafield ind1="1" ind2=" " tag="775">
    <subfield code="t">Salt Lake herald (Salt Lake City, Utah : Weekly)</subfield>
    <subfield code="w">(DLC)sn 86091387</subfield>
    <subfield code="w">(OCoLC)13770428</subfield>
  </datafield>
  <datafield ind1="0" ind2="8" tag="776">
    <subfield code="i">Online version:</subfield>
    <subfield code="t">Salt Lake herald (Salt Lake City, Utah : 1870)</subfield>
    <subfield code="w">(DLC)  2007264072</subfield>
    <subfield code="w">(OCoLC)183007770</subfield>
  </datafield>
  <datafield ind1="0" ind2="7" tag="785">
    <subfield code="t">Inter-mountain Republican</subfield>
    <subfield code="w">(DLC)sn 85058146</subfield>
    <subfield code="w">(OCoLC)12034087</subfield>
  </datafield>
  <datafield ind1="0" ind2="7" tag="785">
    <subfield code="t">Salt Lake herald-Republican</subfield>
    <subfield code="w">(DLC)sn 85058140</subfield>
    <subfield code="w">(OCoLC)12009284</subfield>
  </datafield>
  <datafield ind1="4" ind2="1" tag="859">
    <subfield code="u">http://www.loc.gov/chroniclingamerica/lccn/sn85058130/issues</subfield>
  </datafield>
  <datafield ind1=" " ind2=" " tag="906">
    <subfield code="a">7</subfield>
    <subfield code="b">cbc</subfield>
    <subfield code="c">serials</subfield>
    <subfield code="d">2</subfield>
    <subfield code="e">ncip</subfield>
    <subfield code="f">20</subfield>
    <subfield code="g">n-oclcserc</subfield>
  </datafield>
  <datafield ind1="0" ind2=" " tag="925">
    <subfield code="a">Acquire</subfield>
    <subfield code="b">1 copy</subfield>
    <subfield code="e">Digital reproduction</subfield>
    <subfield code="x">policy default 2007-10-31</subfield>
  </datafield>
  <datafield ind1=" " ind2=" " tag="955">
    <subfield code="a">ae01 2007-10-31</subfield>
    <subfield code="i">ae01 2007-10-31</subfield>
    <subfield code="k">da25 2008-02-07</subfield>
  </datafield>
  <datafield ind1=" " ind2=" " tag="985">
    <subfield code="a">serpull/chronam</subfield>
    <subfield code="e">ndnp</subfield>
  </datafield>
</record>
